000 00537nam a22001937a 4500
003 KOHA_MİRAKIL
005 20251114130558.0
008 251114b tu ||||| |||| 00| 0 tur d
020 _a9789750819650
040 _aTR-AnABB
_btur
_cTR-AnABB
041 _atur
082 _a811.42
_bADA 2011
100 1 _aAdalı, Bilgin,
245 1 0 _aEskimeyen yüreğim /
_cBilgin Adalı
260 _aİstanbul :
_bYapı Kredi Yayınları,
_c2011
300 _a195 sayfa ;
_c21 cm
650 0 4 _aTürk edebiyatı, roman
942 _2ddc
_cBK
999 _c9393
_d9393
900 _bGizem YORULMAZ